[Event "AUTO-OPEN-3348"]
[Site "http://www.queenalice.com/game.php?id=1313546"]
[Date "2014.10.8"]
[Round "1"]
[White "Joaquim_Manoel"]
[Black "NPS_zhiling"]
[Result "1-0"]
[WhiteElo "1876"]
[BlackElo "1613"]

1. e4 c6 2. Nf3 d5 3. exd5 Qxd5 4. d4 e6 5. Nc3 Qd8 6. Be2 Nf6 7. Bd2 Be7 8. Bf4
Bd6 9. Bxd6 Qxd6 10. O-O O-O 11. Ne5 Nbd7 12. Nc4 Qe7 13. Re1 Qb4 14. a3 Qe7 15.
Bf3 Rd8 16. Qe2 Nb6 17. Nxb6 axb6 18. Rad1 c5 19. d5 h6 20. h3 Qc7 21. Nb5 Qb8
22. d6 Ne8 23. Qe5 f6 24. Qh5 Nxd6 25. Nxd6 Rxd6 26. Be4 Rxd1 27. Rxd1 Bd7 28.
Rxd7 Ra7 29. Qf7+ 1-0

[Event "AUTO-OPEN-3349"]
[Site "http://www.queenalice.com/game.php?id=1313787"]
[Date "2014.10.9"]
[Round "1"]
[White "NLPS_VG24"]
[Black "NPS_zhiling"]
[Result "1-0"]
[WhiteElo "1632"]
[BlackElo "1515"]

1. d4 d5 2. b3 Bf5 3. f3 Nf6 4. Qd2 e6 5. Ba3 Bxa3 6. Nxa3 h6 7. c4 O-O 8. Nc2
c6 9. O-O-O Nbd7 10. g4 Bxc2 11. Qxc2 Rc8 12. Qb2 b5 13. cxb5 cxb5+ 14. Kb1 a5
15. Rc1 Rxc1+ 16. Qxc1 Qb6 17. e3 a4 18. b4 1-0

[Event "AUTO-OPEN-3349"]
[Site "http://www.queenalice.com/game.php?id=1313788"]
[Date "2014.10.9"]
[Round "1"]
[White "NPS_zhiling"]
[Black "NLPS_VG24"]
[Result "0-1"]
[WhiteElo "1494"]
[BlackElo "1653"]

1. d4 d5 2. Bf4 c6 3. e3 Nd7 4. Nf3 f6 5. h3 g5 6. Bh2 Nb6 7. Be2 Na4 8. Qc1 b5
9. b3 Nb6 10. Nbd2 h5 11. O-O g4 12. hxg4 hxg4 13. Ne1 Bf5 14. c4 e5 15. dxe5
Nd7 16. cxd5 Nxe5 17. dxc6 Rc8 18. Bxb5 Bb4 0-1

[Event "AUTO-OPEN-3349"]
[Site "http://www.queenalice.com/game.php?id=1313807"]
[Date "2014.10.9"]
[Round "1"]
[White "JORGESILVA19D"]
[Black "NPS_zhiling"]
[Result "1-0"]
[WhiteElo "2253"]
[BlackElo "1608"]

1. e4 c6 2. d4 d5 3. e5 e6 4. Nf3 Nd7 5. Bd3 g6 6. O-O Bg7 7. Re1 Ne7 8. Nbd2
O-O 9. Nf1 Qc7 10. Ng3 b6 11. c3 c5 12. Bg5 Qd8 13. Qd2 Re8 14. Bh6 Bb7 15. Bxg7
Kxg7 16. h4 c4 17. Bc2 a6 18. h5 b5 19. hxg6 hxg6 20. Qg5 Rh8 21. Nh4 f6 22.
exf6+ Nxf6 23. Nxg6 Nxg6 24. Qxg6+ Kf8 25. Rxe6 Nh7 26. Nf5 1-0

[Event "AUTO-OPEN-3349"]
[Site "http://www.queenalice.com/game.php?id=1313808"]
[Date "2014.10.9"]
[Round "1"]
[White "NPS_zhiling"]
[Black "JORGESILVA19D"]
[Result "0-1"]
[WhiteElo "1615"]
[BlackElo "2251"]

1. d4 f5 2. Bf4 Nf6 3. Nf3 e6 4. e3 d5 5. Be2 Be7 6. O-O O-O 7. Nbd2 Ne4 8. Nxe4
fxe4 9. Nd2 Nd7 10. c3 c6 11. Bg4 Nf6 12. Be5 Qe8 13. h3 g6 14. Bxf6 Bxf6 15.
Qc2 e5 16. Bxc8 Rxc8 17. dxe5 Qxe5 18. b3 Qxc3 19. Qxc3 Bxc3 20. Rad1 Rce8 21.
Nb1 Ba5 22. a3 Bc7 23. a4 Re5 24. Nc3 h5 25. b4 g5 26. b5 g4 0-1

[Event "AUTO-OPEN-3350"]
[Site "http://www.queenalice.com/game.php?id=1314051"]
[Date "2014.10.10"]
[Round "1"]
[White "LeandroJunio"]
[Black "NPS_zhiling"]
[Result "1-0"]
[WhiteElo "1607"]
[BlackElo "1604"]

1. e4 c6 2. d4 d5 3. Nc3 e6 4. Nf3 Nd7 5. Bf4 Ngf6 6. Bd3 Be7 7. O-O O-O 8. exd5
cxd5 9. Qe2 h6 10. Rfe1 Nb6 11. b3 Bd6 12. Bxd6 Qxd6 13. Nb5 Qe7 14. c4 Bd7 15.
cxd5 Nbxd5 16. Ne5 Nf4 17. Qf3 Nxd3 18. Qxd3 Qb4 19. Nxd7 Nxd7 20. Rac1 Rac8 21.
Rxc8 Qxe1+ 22. Qf1 1-0

[Event "AUTO-OPEN-3350"]
[Site "http://www.queenalice.com/game.php?id=1314052"]
[Date "2014.10.10"]
[Round "1"]
[White "NPS_zhiling"]
[Black "LeandroJunio"]
[Result "0-1"]
[WhiteElo "1588"]
[BlackElo "1623"]

1. d4 Nf6 2. Bf4 d5 3. Nf3 Nc6 4. e3 Bf5 5. Bd3 Bxd3 6. Qxd3 e6 7. Qe2 Bd6 8.
Bxd6 cxd6 9. O-O O-O 10. c3 e5 11. Nbd2 Re8 12. Qd3 e4 13. Qc2 exf3 14. Nxf3 Rc8
15. Rfe1 Nb4 16. Qb3 Nd3 17. Red1 Nxf2 18. Kxf2 Ng4+ 19. Kg3 Nxe3 20. Re1 Nf5+
21. Kf2 Rxe1 22. Rxe1 Qb6 0-1

[Event "AUTO-OPEN-3350"]
[Site "http://www.queenalice.com/game.php?id=1314079"]
[Date "2014.10.10"]
[Round "1"]
[White "NPS_zhiling"]
[Black "Sparrow"]
[Result "0-1"]
[WhiteElo "1566"]
[BlackElo "1800"]

1. d4 d5 2. Bf4 Bf5 3. Nf3 h6 4. h3 e6 5. e3 a6 6. Bd3 Nf6 7. Bxf5 exf5 8. O-O
Bd6 9. Bxd6 Qxd6 10. c3 O-O 11. Nbd2 Nbd7 12. Qc2 f4 13. Qd3 c5 14. b3 b5 15. c4
bxc4 16. bxc4 cxd4 17. exd4 Rfe8 18. Rfe1 dxc4 19. Qxc4 Rac8 20. Qd3 Nc5 21. Qa3
Nb7 22. Qb3 Na5 23. Qa4 Rxe1+ 24. Rxe1 Qc7 25. Ne4 Nxe4 26. Rxe4 Qc1+ 27. Re1
Qc7 0-1

[Event "AUTO-OPEN-3350"]
[Site "http://www.queenalice.com/game.php?id=1314080"]
[Date "2014.10.10"]
[Round "1"]
[White "Sparrow"]
[Black "NPS_zhiling"]
[Result "1-0"]
[WhiteElo "1793"]
[BlackElo "1573"]

1. e4 c6 2. d4 d5 3. e5 e6 4. Bd3 Nd7 5. Ne2 g6 6. O-O Bg7 7. f4 Ne7 8. c4 O-O
9. c5 b6 10. b4 Bb7 11. Ng3 Qc8 12. a4 Qc7 13. Nd2 Qc8 14. h4 Ba6 15. Bc2 Bxf1
16. Qxf1 a6 17. h5 Bh6 18. Nf3 b5 19. Nh4 Qb7 20. Qf3 bxa4 21. Rxa4 Qb5 22. Qc3
Qb7 23. Nf3 f6 24. hxg6 hxg6 25. Kf2 g5 26. Ne2 Ng6 27. Bxg6 1-0

[Event "AUTO-OPEN-3352"]
[Site "http://www.queenalice.com/game.php?id=1314298"]
[Date "2014.10.10"]
[Round "1"]
[White "NPS_zhiling"]
[Black "NLPS_VG24"]
[Result "0-1"]
[WhiteElo "1527"]
[BlackElo "1620"]

1. d4 d5 2. Bf4 Na6 3. Nf3 f6 4. h3 g5 5. Bh2 Bd7 6. e3 b6 7. Be2 Nb4 8. c3 Nc6
9. O-O Na5 10. Nbd2 Bh6 11. b3 Nc6 12. c4 dxc4 13. bxc4 g4 14. hxg4 Bxg4 15. d5
Nb4 16. a3 Na6 0-1

[Event "AUTO-OPEN-3352"]
[Site "http://www.queenalice.com/game.php?id=1314299"]
[Date "2014.10.10"]
[Round "1"]
[White "NLPS_VG24"]
[Black "NPS_zhiling"]
[Result "1-0"]
[WhiteElo "1643"]
[BlackElo "1504"]

1. a4 d5 2. Ra3 Bf5 3. Nf3 e6 4. Nh4 Bxa3 5. bxa3 Qxh4 6. g3 Qxa4 7. Nc3 Qd7 8.
d3 h6 9. h3 Nf6 10. a4 Nc6 11. Nb5 a6 12. Nc3 Nb4 13. g4 Bh7 14. Ba3 Nc6 15. f3
Nd4 16. Rg1 c6 17. e3 1-0